000 00367nam a2200133Ia 4500
005 20250729165811.0
008 250729s2022 xx 000 0 und d
041 _aeng
082 _a550.25 RAMP
100 _aB.R.Ramachandraiah
_9233294
245 _aThe Essential of Educational Technology
260 _aMysore
_bVismaya Prakashana
_c2022
650 _aScience
_9233295
999 _c240209
_d240209